000 00245nam a22001217a 4500
003 SGT
082 _a370
_bBIL
100 _aBILL & CARALYN
245 _aPLAYING YOUR A GAME
260 _aUSA
_bROKETDOG
_c2006
300 _a314
942 _2ddc
_cBK
999 _c22049
_d22049